| 000 | 00735nam a2200229 i 4500 | ||
|---|---|---|---|
| 001 | 102346 | ||
| 003 | ES-MaACL | ||
| 005 | 20250902185940.0 | ||
| 007 | t| | ||
| 008 | 051108s1966 sp ||||1| spa d | ||
| 080 | _a972.91"1959/.." | ||
| 100 | 1 |
_aMeneses, Enrique, _d1929-2013 _9172979 |
|
| 245 | 1 | 0 |
_aFidel Castro : _bsiete años de poder / _cEnrique Meneses. |
| 260 |
_aMadrid : _bAfrodisio Aguado, _c1966. |
||
| 300 |
_a270 p., VIII lám. ; _c22 cm. |
||
| 490 | 1 | _aAspectos del mundo actual | |
| 600 | 1 | 4 |
_aCastro, Fidel, _d1927-2016 _936855 |
| 651 | 4 |
_aCuba- _xPolítica y gobierno- _y1959- _9165118 |
|
| 830 | 1 |
_aAspectos del mundo actual _9232518 |
|
| 852 |
_aES-MaACL _jC-29277 |
||
| 999 |
_c102346 _d102346 |
||